| 000 | 00471nam a2200193Ia 4500 | ||
|---|---|---|---|
| 003 | GCL | ||
| 008 | 140319s9999 xx 000 0 eng d | ||
| 040 |
_aGCL / _cGCL |
||
| 082 | 0 | 4 |
_a709.012 _bM E |
| 100 | 1 | _aLEE, ELIZABETH | |
| 245 | 1 | 0 |
_aEGYPTIAN ART STUDIES / _cLEE, ELIZABETH |
| 700 | 1 | _aMASPERO, GASTOM | |
| 260 |
_a[S.N] : _bT. FISHER UNURN ، _c1913 |
||
| 300 | _a223 P | ||
| 650 | 0 | 4 | _aEGYPT |
| 650 | 0 | 4 | _aARTS |
| 650 | 0 | 4 | _aART, EGYPTIAN |
| 942 |
_2ddc _cBK |
||
| 999 |
_c19448 _d19448 |
||